[Event "Olympiad-39"]
[Site "Khanty-Mansiysk"]
[Date "2010.09.25"]
[Round "5.2"]
[White "Felgaer, Ruben Alejandro"]
[Black "Kamsky, Gata"]
[Result "0-1"]
[WhiteElo "2597"]
[BlackElo "2705"]
[PlyCount "50"]
[EventDate "2010.09.21"]
[EventType "team-swiss"]
[EventRounds "11"]
[EventCountry "RUS"]
[SourceTitle "CBM 139"]
[Source "ChessBase"]
[SourceDate "2010.11.18"]
[SourceVersion "1"]
[SourceVersionDate "2010.11.18"]
[SourceQuality "1"]
[WhiteTeam "Argentina"]
[BlackTeam "US of America"]
[WhiteTeamCountry "ARG"]
[BlackTeamCountry "USA"]

1. e4 c5 2. Nf3 e6 3. d4 cxd4 4. Nxd4 a6 5. Nc3 b5 6. Bd3 Bb7 7. O-O Nc6 8.
Nxc6 Bxc6 9. Qe2 Bc5 10. e5 Bd4 11. Rd1 Qb6 12. a4 b4 13. a5 Qc7 14. Na2 Qxa5
15. Nxb4 Qxa1 16. Nxc6 dxc6 17. Qe4 Qa4 18. Be3 Rd8 19. b3 Qb4 20. Qxc6+ Kf8
21. Bc4 Ne7 22. Qe4 Bb6 23. Rd6 Bc7 24. c3 Qxc3 25. Qb7 Qxe5 0-1

[Event "Olympiad-39"]
[Site "Khanty-Mansiysk"]
[Date "2010.09.28"]
[Round "7.2"]
[White "Socko, Bartosz"]
[Black "Kamsky, Gata"]
[Result "1/2-1/2"]
[WhiteElo "2657"]
[BlackElo "2705"]
[PlyCount "97"]
[EventDate "2010.09.21"]
[EventType "team-swiss"]
[EventRounds "11"]
[EventCountry "RUS"]
[SourceTitle "CBM 139"]
[Source "ChessBase"]
[SourceDate "2010.11.18"]
[SourceVersion "1"]
[SourceVersionDate "2010.11.18"]
[SourceQuality "1"]
[WhiteTeam "Poland"]
[BlackTeam "US of America"]
[WhiteTeamCountry "POL"]
[BlackTeamCountry "USA"]

1. e4 c5 2. Nf3 e6 3. d4 cxd4 4. Nxd4 a6 5. Nc3 b5 6. Bd3 Qb6 7. Nf3 Nc6 8. O-O
Nge7 9. a4 b4 10. a5 Qc7 11. Na4 Nxa5 12. Be3 Rb8 13. Nc5 Ng6 14. Nxa6 Bxa6 15.
Bxa6 Nc6 16. Qd2 Be7 17. Rfd1 d6 18. c4 O-O 19. Bb5 Rfd8 20. Ra6 Nce5 21. Nxe5
Nxe5 22. Ra7 Rb7 23. Rda1 Bf6 24. f3 h6 25. Qxb4 d5 26. exd5 exd5 27. cxd5 Rxd5
28. Ra8+ Rd8 29. Rxd8+ Qxd8 30. Qa5 Qb8 31. Bf1 Rxb2 32. Qa8 Qxa8 33. Rxa8+ Kh7
34. Ra7 g5 35. h3 Kg7 36. Rc7 h5 37. f4 gxf4 38. Bxf4 h4 39. Be3 Kg6 40. Ra7
Bg5 41. Bf2 Rb1 42. Ra4 Nd3 43. Ra3 Nf4 44. Ba7 Rb2 45. Bd4 Rd2 46. Be3 Rb2 47.
Bd4 Rc2 48. Rf3 f5 49. Be3 1/2-1/2

[Event "Olympiad-39"]
[Site "Khanty-Mansiysk"]
[Date "2010.09.29"]
[Round "8.2"]
[White "Bu, Xiangzhi"]
[Black "Kamsky, Gata"]
[Result "1/2-1/2"]
[WhiteElo "2695"]
[BlackElo "2705"]
[PlyCount "86"]
[EventDate "2010.09.21"]
[EventType "team-swiss"]
[EventRounds "11"]
[EventCountry "RUS"]
[SourceTitle "CBM 139"]
[Source "ChessBase"]
[SourceDate "2010.11.18"]
[SourceVersion "1"]
[SourceVersionDate "2010.11.18"]
[SourceQuality "1"]
[WhiteTeam "China"]
[BlackTeam "US of America"]
[WhiteTeamCountry "CHN"]
[BlackTeamCountry "USA"]

1. Nf3 Nf6 2. c4 g6 3. b3 Bg7 4. Bb2 O-O 5. g3 c6 6. Bg2 d5 7. O-O Bg4 8. d4
Qc8 9. Re1 Rd8 10. Nbd2 Ne4 11. Rc1 Qf5 12. cxd5 cxd5 13. Nxe4 dxe4 14. Nd2
Bxd4 15. Bxd4 Rxd4 16. Qc2 Na6 17. Nxe4 Bh3 18. Bxh3 Qxh3 19. Ng5 Qd7 20. Nf3
Rd5 21. e4 Rc5 22. Qe2 Rac8 23. Rcd1 Qg4 24. Rd2 Nc7 25. Nd4 Qxe2 26. Nxe2 Kf8
27. f3 a5 28. Red1 Ke8 29. Nf4 b5 30. Kf2 g5 31. Nd3 Rc3 32. b4 a4 33. h4 gxh4
34. gxh4 Ne6 35. Kg3 R3c4 36. Nf4 Nxf4 37. Kxf4 f6 38. a3 Rc3 39. Rd3 Rb3 40.
Ke3 e5 41. Kf2 Rcc3 42. Rxc3 Rxc3 43. Rd5 Rxa3 1/2-1/2

[Event "Olympiad-39"]
[Site "Khanty-Mansiysk"]
[Date "2010.10.01"]
[Round "10.2"]
[White "Sutovsky, Emil"]
[Black "Kamsky, Gata"]
[Result "1-0"]
[WhiteElo "2665"]
[BlackElo "2705"]
[Annotator "CB"]
[PlyCount "59"]
[EventDate "2010.09.21"]
[EventType "team-swiss"]
[EventRounds "11"]
[EventCountry "RUS"]
[SourceTitle "CBM 139"]
[Source "ChessBase"]
[SourceDate "2010.11.18"]
[SourceVersion "1"]
[SourceVersionDate "2010.11.18"]
[SourceQuality "1"]
[WhiteTeam "Israel"]
[BlackTeam "US of America"]
[WhiteTeamCountry "ISR"]
[BlackTeamCountry "USA"]

1. e4 c5 2. Nf3 e6 3. Nc3 a6 4. d4 cxd4 5. Nxd4 b5 6. Bd3 Qb6 7. Nf3 Nc6 8. O-O
Nge7 9. Be3 Qc7 $2 {#Ouch. An ugly slip which just loses a pawn. Qb8 was the
move.} 10. Bxb5 $1 Rb8 {Really no choice.} ({Taking with} 10... axb5 {is not
an option.} 11. Nxb5 Qb8 (11... Qd8 $2 12. Nd6#) 12. Nd6+ Kd8 13. Bf4) 11. Bxc6
Nxc6 12. b3 Bb7 {#} 13. Nd5 $1 {One has to like Sutovsky's energy. He is not
interested in simply carrying his extra pawn to the endgame.} exd5 14. exd5 Nd8
15. Re1 Ne6 {The only move.} ({Among other moves} 15... Be7 {fails to} 16. Ba7
{Threatening d6 as well}) 16. Qd2 Bb4 17. Qxb4 Bxd5 18. Qd2 Bxf3 19. Bf4 $1 d6
20. gxf3 Rd8 21. Rad1 O-O 22. Bxd6 Qc8 23. f4 $2 {#This could have been a
costly mistake.} (23. c4 $1 h6 24. c5) 23... Nc5 $2 (23... Ng5 $1 {would have
really confused the issue.} 24. Re3 (24. fxg5 $2 Qg4+ {is a draw.}) 24... Qg4+
25. Kf1 Nf3) 24. Qc3 Rfe8 25. Rxe8+ Rxe8 26. f3 Rd8 27. Rd5 Qe6 28. Qxc5 Rc8
29. Qxc8+ Qxc8 30. Be7 1-0

[Event "Olympiad-39"]
[Site "Khanty-Mansiysk"]
[Date "2010.10.03"]
[Round "11.2"]
[White "Kamsky, Gata"]
[Black "Bruzon Batista, Lazaro"]
[Result "1-0"]
[WhiteElo "2705"]
[BlackElo "2679"]
[Annotator "Marin,M"]
[PlyCount "165"]
[EventDate "2010.09.21"]
[EventType "team-swiss"]
[EventRounds "11"]
[EventCountry "RUS"]
[SourceTitle "CBM 139"]
[Source "ChessBase"]
[SourceDate "2010.11.18"]
[SourceVersion "1"]
[SourceVersionDate "2010.11.18"]
[SourceQuality "1"]
[WhiteTeam "US of America"]
[BlackTeam "Cuba"]
[WhiteTeamCountry "USA"]
[BlackTeamCountry "CUB"]

1. e4 e5 2. Nf3 Nc6 3. Bb5 Nf6 4. O-O Nxe4 5. d4 Nd6 6. Bxc6 dxc6 7. dxe5 Nf5
8. Qxd8+ Kxd8 9. h3 $5 {Possibly intended as a tricky move order.} (9. Nc3 Ke8
10. h3 h5 {offers Black good counterplay, as examined in the notes to Timofeev,
A (2690)-Pashikian,A (2639)/Khanty-Mansiysk 2010/CBM 139/[Marin] (0-1, 43)})
9... h6 ({To tell the truth, I cannot see why Black could not play} 9... h5 $5
$146 {here, too. In any case, in practice this has never been tried.}) 10. Rd1+
Ke8 11. Nc3 Ne7 {The idea of this manoeuvre has been introduced in grandmaster
practice by Zoltan Almasi, many years ago. Black anticipates the threat of
g2-g4 and transfers the knight to a more stable square. Truly in the spirit of
the Berlin defence, where Black usually plays being several tempos behind in
development.} 12. b3 (12. Nd4 {leads to simplifications, allowing Black set up
a safe blockade on light squares.} Ng6 13. f4 Bc5 14. Be3 h5 15. Nce2 Ne7 16.
Bf2 Bxd4 17. Nxd4 Nf5 18. Nf3 Be6 19. b3 (19. g4 hxg4 20. hxg4 Nh6 $15 21. f5
$2 Bd5 $17) 19... b6 20. Rd2 Rd8 21. Rad1 Rxd2 22. Rxd2 h4 $11 {Brenjo,S (2495)
-Pashikian,A (2663)/Novi Sad 2009/CBM 133 (1/2, 36)}) (12. Be3 {has been a
World Champions' favourite, but does not look too threatening.} Ng6 13. a3 Be7
14. Rd2 h5 (14... a6 15. Re1 Nh4 {Kramnik,V (2754)-Anand,V (2786)/Monte Carlo
2005/CBM 105 ext (1/2, 24)}) 15. Re1 h4 $13 {Anand,V (2788)-Landa,K (2600)/
Germany 2005/CBM 111/[Postny] (1-0, 62)}) 12... Ng6 13. Ne2 Be7 (13... a5 14.
a4 Bf5 15. Nfd4 Bd7 {Black's play in this game is very instructive. With
apparently passive moves, he slowly regroups, trying to catch up in
development. If White will not find a constructuve way of opening the position
before Black achieves his aim, the advantage will be Black's.} 16. Ng3 h5 (
16... Nxe5 $2 17. Re1 $18) 17. Ne4 Be7 (17... Nxe5 $6 18. Re1 $36 {is
precisely the kind of things Black should avoid.}) 18. Re1 Kf8 19. Ng5 Kg8 20.
Ndf3 $6 {Missing the only chance to open the position.} (20. e6 fxe6 21. Ndxe6
Bf6 22. Rb1 {or}) (20. Nxf7 Kxf7 21. e6+ Bxe6 22. Nxe6 {offered chances for an
advantage.}) 20... Nf8 $1 {Everything is rock solid now.} 21. Be3 c5 22. Rad1
Bf5 23. Re2 h4 24. Ne1 b6 25. Ngf3 Ne6 26. Red2 Kh7 27. Rd7 Rhe8 $15 {Once
Black has completed his regrouping, he can start enjoying his positional
advantage, consisting of the vulnerability of the white queenside and of the
space advantage on the other wing, Wang Zili (2580)-Wu Wenjin (2570)/HeiBei
2001/EXT 2002 (0-1, 49)}) 14. Bb2 h5 $5 $146 {Even with the loss of a tempo,
the advance of the h-pawn is effective.} (14... c5 {Swicarz,M (2268)-Garrido
Dominguez,J (2341)/Olomouc 2006/CBM 113 ext (1-0, 48)}) 15. a4 a5 16. c4 h4 17.
Bc3 c5 18. Bd2 Bf5 19. Nc3 {[%cal Gc3d5]} c6 {[%csl Gd6] Black restricts the
enemy knight, reckoning with the fact that his opponent will need a lot of
time to take advantage of the weakness of the d6-square.} (19... Bc2 20. Rdc1
Bxb3 $2 21. Nd5 Bd8 22. Ra3 $18) (19... Nf8 20. Nd5 Ne6 $11) 20. Re1 Rd8 21.
Ne4 b6 22. Re3 Be6 23. Bc3 Rh5 24. Nd6+ Kd7 $1 {The king is transferred to the
wing that needs its protection most.} 25. Rd1 Kc7 $11 {It is very hard to
immagine how any of the players could make progress in this position. The next
phase of the game is a clear illustration of this, but then things will become
hectic at White's wish.} 26. Kf1 Rhh8 27. Rde1 Rh5 28. Re4 Rhh8 29. Nh2 Rhg8
30. Nf3 Rh8 31. Bb2 Rh7 32. R1e3 Rhh8 33. Bc3 Rh7 34. Ke2 Rh5 35. Kf1 Rh7 36.
Re2 Rh5 37. Rd2 Rh7 38. Re1 Rh5 39. Red1 Rhh8 40. Ne4 $6 $15 {White finally
decides to undertake something concrete, obviously unhappy with a draw by
mutual boring. However, allowing the rooks' excchange will leave his queenside
in danger.} Rxd2 41. Rxd2 Rd8 42. Nfg5 Bf5 43. Ke2 Rxd2+ 44. Kxd2 Kd7 45. Ke3
Bxg5+ 46. Nxg5 Bc2 $1 {Picking up the gauntlet and rightly so.} (46... Ke7 47.
Ne4 Ke6 $11) 47. Nxf7 Bxb3 48. Nd6 Bxa4 49. f4 Ne7 $6 {The advance of the
f-pawn is imminent, but the e7-square is very unfortunate, as we will see.} (
49... Bc2 50. f5 Nf8 51. Kf4 a4 52. Kg5 a3 53. Kxh4 Bxf5 $1 (53... g6 $5 {
[%csl Ge6]}) 54. Nxf5 b5 $17 {The advance of the queenside pawns will retrieve
material with interest.}) 50. f5 b5 ({In case of} 50... Bc2 51. Kf4 a4 {
White has the unexpected resource} 52. e6+ $1 Kd8 (52... Kxd6 $2 53. Be5# {
This is where the knight's misplacement becomes obvious.}) 53. Bxg7 $18) 51.
Bxa5 Bc2 52. Kf4 bxc4 53. Kg5 Bd3 54. Be1 $16 {Play has become one-sided now.}
Nd5 55. Nb7 Ke7 56. Bxh4 c3 57. Nxc5 Bf1 58. Kg6+ Kf8 59. Bg5 Bxg2 60. h4 c2
61. f6 gxf6 62. exf6 Nxf6 63. Kxf6 Kg8 64. h5 Kh7 65. h6 Bd5 66. Bc1 Bc4 67.
Ke5 Bd5 68. Kd4 Bf7 69. Ne4 Kg6 70. Kc3 Be6 71. Nd6 Bg8 72. Kxc2 Bh7 73. Kc3
Kf6 74. Kd4 Ke6 75. Kc5 Bd3 76. Kxc6 Kf6 77. Kd7 Kg6 78. Ke7 Bb1 79. Nf7 Bc2
80. Ne5+ Kh7 81. Nd7 Bd3 82. Nf6+ Kg6 83. h7 1-0

[Event "USA-ch Gr-A"]
[Site "Saint Louis"]
[Date "2011.04.15"]
[Round "1"]
[White "Ivanov, Alexander"]
[Black "Kamsky, Gata"]
[Result "1/2-1/2"]
[WhiteElo "2540"]
[BlackElo "2733"]
[PlyCount "76"]
[EventDate "2011.04.15"]
[EventType "tourn"]
[EventRounds "7"]
[EventCountry "USA"]
[EventCategory "14"]
[SourceTitle "CBM 142"]
[Source "ChessBase"]
[SourceDate "2011.05.17"]
[SourceVersion "1"]
[SourceVersionDate "2011.05.17"]
[SourceQuality "1"]

1. e4 e5 2. Nf3 Nc6 3. Nc3 Nf6 4. Bb5 Bb4 5. O-O O-O 6. Bxc6 dxc6 7. Nxe5 Re8
8. Nd3 Bxc3 9. dxc3 Nxe4 10. Re1 Nd6 11. Bf4 Rxe1+ 12. Qxe1 Bf5 13. f3 Bxd3 14.
cxd3 Qf6 15. Bxd6 Qxd6 16. d4 Rd8 17. Qe3 h5 18. Re1 g6 19. Qe7 Qxe7 20. Rxe7
Rc8 21. Kf2 Kf8 22. Re4 f6 23. h4 Kf7 24. Re1 Rd8 25. Re4 a5 26. Re1 a4 27. Re3
Rd5 28. Re2 c5 29. dxc5 Rxc5 30. a3 Rb5 31. g4 c6 32. Kg3 Re5 33. Rd2 Ke6 34.
Rd4 Rb5 35. Re4+ Kd6 36. Rd4+ Ke6 37. Re4+ Kd6 38. Rd4+ Ke6 1/2-1/2

[Event "USA-ch Gr-A"]
[Site "Saint Louis"]
[Date "2011.04.17"]
[Round "3"]
[White "Robson, Ray"]
[Black "Kamsky, Gata"]
[Result "1/2-1/2"]
[WhiteElo "2522"]
[BlackElo "2733"]
[PlyCount "83"]
[EventDate "2011.04.15"]
[EventType "tourn"]
[EventRounds "7"]
[EventCountry "USA"]
[EventCategory "14"]
[SourceTitle "CBM 142"]
[Source "ChessBase"]
[SourceDate "2011.05.17"]
[SourceVersion "1"]
[SourceVersionDate "2011.05.17"]
[SourceQuality "1"]

1. e4 e5 2. Nf3 Nc6 3. Bb5 a6 4. Ba4 Nf6 5. O-O Be7 6. Re1 b5 7. Bb3 d6 8. c3
O-O 9. h3 Nb8 10. d4 Nbd7 11. Nbd2 Bb7 12. Bc2 Re8 13. Nf1 Bf8 14. Ng3 g6 15.
a4 c5 16. d5 c4 17. Bg5 h6 18. Be3 Nc5 19. Qd2 h5 20. Bg5 Be7 21. Ra3 Nh7 22.
Be3 Bf6 23. Rea1 Rb8 24. Ne2 Bc8 25. axb5 axb5 26. Nc1 Bd7 27. b3 cxb3 28. Nxb3
Na4 29. Nc1 Qc8 30. Nd3 Bd8 31. c4 Nf6 32. Ng5 Nb6 33. Bxb6 Bxb6 34. cxb5 Bxb5
35. Ba4 Bd4 36. Rc1 Qd7 37. Bxb5 Qxb5 38. Ra5 Qb3 39. Ra6 Rb6 40. Rxb6 Qxb6 41.
Rc6 Qd8 42. Kh2 1/2-1/2

[Event "USA-ch Gr-A"]
[Site "Saint Louis"]
[Date "2011.04.18"]
[Round "4"]
[White "Ehlvest, Jaan"]
[Black "Kamsky, Gata"]
[Result "0-1"]
[WhiteElo "2586"]
[BlackElo "2733"]
[PlyCount "60"]
[EventDate "2011.04.15"]
[EventType "tourn"]
[EventRounds "7"]
[EventCountry "USA"]
[EventCategory "14"]
[SourceTitle "CBM 142"]
[Source "ChessBase"]
[SourceDate "2011.05.17"]
[SourceVersion "1"]
[SourceVersionDate "2011.05.17"]
[SourceQuality "1"]

1. e4 c5 2. Nf3 e6 3. Nc3 a6 4. g3 b5 5. Bg2 Bb7 6. d3 d6 7. O-O Nf6 8. Ng5 b4
9. Nb1 h6 10. Nh3 Nc6 11. Nd2 g6 12. Nc4 Bg7 13. Bf4 e5 14. Be3 O-O 15. f4 exf4
16. Bxf4 Ne8 17. Qd2 Kh7 18. Nf2 Nd4 19. Ng4 h5 20. Nf2 Ne6 21. Be3 Rb8 22. Nh3
N8c7 23. Ng5+ Kg8 24. a3 b3 25. c3 d5 26. exd5 Bxd5 27. Ne4 f5 28. Ned6 Rf6 29.
Bh6 Bxg2 30. Bxg7 Nxg7 0-1

[Event "USA-ch Gr-A"]
[Site "Saint Louis"]
[Date "2011.04.19"]
[Round "5"]
[White "Kamsky, Gata"]
[Black "Stripunsky, Alexander"]
[Result "1/2-1/2"]
[WhiteElo "2733"]
[BlackElo "2578"]
[PlyCount "188"]
[EventDate "2011.04.15"]
[EventType "tourn"]
[EventRounds "7"]
[EventCountry "USA"]
[EventCategory "14"]
[SourceTitle "CBM 142"]
[Source "ChessBase"]
[SourceDate "2011.05.17"]
[SourceVersion "1"]
[SourceVersionDate "2011.05.17"]
[SourceQuality "1"]

1. g3 d5 2. Bg2 c6 3. f4 g6 4. Nf3 Bg7 5. d3 Nh6 6. c3 O-O 7. O-O Nd7 8. Kh1
Re8 9. d4 Nf6 10. Ne5 Nf5 11. Qb3 Nd6 12. Be3 Be6 13. Nd2 Nfe4 14. Rad1 Qc8 15.
Rfe1 f6 16. Nef3 Bf7 17. Qc2 Qf5 18. Nxe4 Nxe4 19. Qc1 Qe6 20. Kg1 a5 21. a3 a4
22. Bf2 Rac8 23. Qc2 b5 24. Qd3 g5 25. e3 Bg6 26. Qf1 g4 27. Nd2 Kf7 28. h4
Nxd2 29. Rxd2 Be4 30. Ree2 Rcd8 31. Be1 Qf5 32. Rf2 Rd6 33. Bxe4 Qxe4 34. Qd3
Qxd3 35. Rxd3 Re6 36. h5 Re4 37. Kf1 Ke6 38. Ke2 Kd6 39. Rh2 Bh6 40. Rh4 Rg8
41. Rd1 e5 42. Kd3 exf4 43. exf4 Rge8 44. Bf2 f5 45. Rd2 R8e6 46. Rh1 Bf8 47.
Rhd1 Be7 48. Kc2 Bd8 49. Rh1 Ke7 50. Kd3 Kf7 51. Kc2 Kg7 52. Kd3 Bb6 53. Kc2
Re7 54. Kd3 Rc7 55. Kc2 Rce7 56. Kd3 R7e6 57. Kc2 Kf7 58. Kd3 Ke7 59. Kc2 Rh6
60. Kd3 Kd6 61. Kc2 Ba7 62. Kc1 Bb8 63. Kc2 Bc7 64. Kd3 Bd8 65. Kc2 Bb6 66. Kc1
c5 67. dxc5+ Bxc5 68. Bxc5+ Kxc5 69. Kc2 Re3 70. Rhd1 Rd6 71. Rd3 Rxd3 72. Kxd3
Re6 73. Rh1 Re4 74. Rc1 h6 75. Ra1 d4 76. cxd4+ Rxd4+ 77. Kc3 Rc4+ 78. Kd3 b4
79. Re1 Rd4+ 80. Kc2 Kc4 81. axb4 Rd3 82. b5 Rxg3 83. b6 Rb3 84. Re6 g3 85.
Rxh6 g2 86. Rg6 Rxb6 87. Rxg2 Kd4 88. Rg6 Rb3 89. Ra6 Rh3 90. Rxa4+ Kd5 91. b3
Rxh5 92. Rc4 Rh2+ 93. Kc3 Rh3+ 94. Kb4 Rh8 1/2-1/2

[Event "USA-ch Gr-A"]
[Site "Saint Louis"]
[Date "2011.04.20"]
[Round "6"]
[White "Naroditsky, Daniel"]
[Black "Kamsky, Gata"]
[Result "0-1"]
[WhiteElo "2438"]
[BlackElo "2733"]
[PlyCount "114"]
[EventDate "2011.04.15"]
[EventType "tourn"]
[EventRounds "7"]
[EventCountry "USA"]
[EventCategory "14"]
[SourceTitle "CBM 142"]
[Source "ChessBase"]
[SourceDate "2011.05.17"]
[SourceVersion "1"]
[SourceVersionDate "2011.05.17"]
[SourceQuality "1"]

1. e4 c6 2. d4 d5 3. e5 Bf5 4. Nd2 e6 5. Nb3 Nd7 6. Nf3 Ne7 7. Be2 h6 8. c3 Bh7
9. h4 a6 10. Bf4 Rc8 11. h5 c5 12. Nxc5 Nxc5 13. dxc5 Rxc5 14. Nd4 Rc8 15. Qa4+
Qd7 16. Qxd7+ Kxd7 17. Kd2 Nc6 18. Nxc6 Rxc6 19. Be3 Be7 20. Bd3 Bxd3 21. Kxd3
Rhc8 22. Rh3 Ke8 23. Bd4 b5 24. a3 a5 25. Rg3 Kf8 26. f4 Bc5 27. Bxc5+ Rxc5 28.
Rf1 b4 29. axb4 axb4 30. Kd2 d4 31. Rc1 Rc4 32. Rf3 dxc3+ 33. bxc3 Rd8+ 34. Ke2
Re4+ 35. Kf1 Rc8 36. g3 Rec4 37. Ke2 bxc3 38. Rc2 f6 39. Re3 Kf7 40. Kf3 R8c5
41. exf6 gxf6 42. Rd3 Ke7 43. Re3 e5 44. fxe5 fxe5 45. g4 Kf6 46. Kg3 Kg5 47.
Kh3 Kf4 48. Re1 e4 49. Rf2+ Ke5 50. Rf5+ Kd4 51. Rf4 Kd3 52. Rd1+ Kc2 53. Rff1
e3 54. Rc1+ Kd3 55. Rfd1+ Ke4 56. Kg3 c2 57. Rd8 Rd4 0-1